1578 1975 1305 1021 1260 1679 1764 1182 1356 1651 1721 1495 1265 1068 1768 1549 1718 1418 1868 1166 1833 1776 1415 1933 1613 1937 1486 1957 1218 1066 1734 1333 1138 1473 1190 1134 1486 1620 1869 1671 1136 1816 1039 1373 1798 1245 1055 1982 1328 1199 1095 1542 1244 1482 1714 1594 1761 1473 1181 1057 1286 1510 1881 1535 1948 1728 1067 1624 1430 1424 1258 1995 1427 1819 1313 1587 1179 1942 1590 1268 1209 1581 1264 1590 1310 1840 1032 1588 1301 1067 1282 1215 1752 1520 1632 1880 1784 1119 1665 BCNSPRNW ULIB Ver.6.0+V

เปลี่ยนเป็นภาษาไทย

Change to English
 แสดงรายละเอียดบรรณานุกรม
  กลับหน้าหลัก

Brief Record : Get Marc (ISO 2709) : E-mail record : QR code < ปิดหน้าต่าง
LEADER : 00000nas 2200000uu 4500
001    13399126004
003     ULIB
008    180308s2561||||th 000 0 tha d
022    08578575
110    กรมควบคุมโรค
245    วารสารโรคเอดส์(วิทยาเขตสวรรค์ประชารักษ์)/^cกรมควบคุมโรค
260    นนทบุรี :^bกรมควบคุมโรค,^cม.ป.ป.
300    ^b26 ซม.
310    ^aรายสี่เดือน
850 ^a ULIB^bฉบับที่ 30 ปีที 2 ฉ.1 ;ฉบับที่ 31 ปีที 1 ฉ.1 ;ฉบับที่ 30 ปีที 3 ฉ.1 ;ฉบับที่ 30 ปีที 1 ฉ.1 ;ฉบับที่ 30 ปีที 1 ฉ.1 ;ฉบับที่ 31 ปีที 2 ฉ.1 ;ฉบับที่ 31 ปีที 3 ฉ.1
945    ^p0^l0^i904966
945    ^p0^l0^i905312
945    ^p0^l0^i905130
945    ^p0^l0^i904817
945    ^p0^l0^i904850
945    ^p0^l0^i905381
945    ^p0^l0^i905422
999    ^aประนอม เกษจรัล
รายการนี้ยังไม่มีแท็ก
คุณยังไม่ได้ล็อกอิน คุณสามารถมีกิจกรรมร่วมกับเว็บไซต์ได้ แต่ต้องล็อกอินก่อน ::
  ล็อกอิน

รายการสื่อสารสนเทศ (วารสาร)

ดูแบบ: กล่อง รายการ
ARRIVED
ฉบับที่ 30 ปีที 1 ฉ.1
สถานที่: ห้องสมุดวิทยาเขตสวรรค์ประชารักษ์ >วารสาร
ARRIVED
ฉบับที่ 30 ปีที 2 ฉ.1
สถานที่: ห้องสมุดวิทยาเขตสวรรค์ประชารักษ์ >วารสาร
ARRIVED
ฉบับที่ 30 ปีที 3 ฉ.1
สถานที่: ห้องสมุดวิทยาเขตสวรรค์ประชารักษ์ >วารสาร
ARRIVED
ฉบับที่ 31 ปีที 1 ฉ.1
สถานที่: ห้องสมุดวิทยาเขตสวรรค์ประชารักษ์ >วารสาร
ARRIVED
ฉบับที่ 31 ปีที 2 ฉ.1
สถานที่: ห้องสมุดวิทยาเขตสวรรค์ประชารักษ์ >วารสาร
ARRIVED
ฉบับที่ 31 ปีที 3 ฉ.1
สถานที่: ห้องสมุดวิทยาเขตสวรรค์ประชารักษ์ >วารสาร

BibComment


ยังไม่เคยถูกคอมเมนท์

คอมเมนท์ทรัพยากรรายการนี้
  คอมเมนท์: วารสารโรคเอดส์วิท..


 Copyright 2026. Bcnsprnw @Library